Prácticas de geografía física

Enregistré dans:
Détails bibliographiques
Auteurs principaux: Alonso Otero, Francisco (Auteur), Brandis, Dolores (Auteur), Bullón Mata, Teresa (Auteur), Gil Olcina, Antonio (Auteur), González Martín, Juan Antonio (Auteur), Redondo González, Ángela (Auteur), Del Río Lafuente, Isabel (Auteur), Sanz Herráiz, Concepción (Auteur), Troitiño Vinuesa, Miguel Angel (Auteur)
Autres auteurs: Martínez de Pisón, Eduardo (autor), Muñoz Jiménez, Julio (autor), Ortega Cantero, Nicolás (autor)
Format: Livre
Langue:espagnol
Publié: Barcelona Oikos-Tau 1981
Collection:Colección Prácticas de Geografía
Sujets:
Tags: Ajouter un tag
Pas de tags, Soyez le premier à ajouter un tag!

MARC

LEADER 00000nam a2200000 a 4500
001 UCN0171
003 CL-VaPUC
008 010316e19810000SP |||||||||||||||||spa|d
082 0 4 |a 910.02  |b ALO  |2 21 
100 0 |a Alonso Otero, Francisco  |e author  |9 455512 
700 0 |a Brandis, Dolores  |e author  |9 455513 
700 0 |a Bullón Mata, Teresa  |e author  |9 455514 
700 |a Gil Olcina, Antonio  |e author  |9 466561 
700 0 |a González Martín, Juan Antonio  |e author  |9 455516 
700 |a Martínez de Pisón, Eduardo  |e autor  |9 561529 
700 |a Muñoz Jiménez, Julio  |e autor  |9 503198 
700 |a Ortega Cantero, Nicolás  |e autor  |9 462602 
700 |a Redondo González, Ángela  |e author  |9 455520 
700 0 |a Del Río Lafuente, Isabel  |e author  |9 455521 
700 0 |a Sanz Herráiz, Concepción  |e author  |9 455522 
700 0 |a Troitiño Vinuesa, Miguel Angel  |e author  |9 455523 
245 1 0 |a Prácticas de geografía física 
300 |a 205 p 
942 |c BK 
945 |d 20010316 00:00:00  |a cmena 
260 |a Barcelona  |b Oikos-Tau  |c 1981 
500 |a Incluye en forma separada 18 mapas desplegables 
650 0 |a Geografía física   |9 259347 
650 0 |a Mapas  |9 260844 
650 0 |a Topografía   |9 260423 
650 0 |a Geología   |9 260984 
650 0 |a Morfología  |9 334440 
650 0 |a Climatología   |9 262302 
650 0 |a Hidrología  |9 261396 
650 7 |a BIOGEOGRAFIA  |2 CL-VaPUC  |9 347934 
583 |a last modification  |c 20010316 00:00:00  |k Rodrigo Vera 
490 0 |a Colección Prácticas de Geografía 
999 |c 294106  |d 294104 
952 |0 0  |1 0  |4 0  |6 910_020000000000000_ALO_1981  |7 0  |8 A  |9 345962  |a BIBING  |b BIBING  |d 2019-11-20  |i 3642968  |l 1  |o 910.02 ALO 1981  |p 3642968  |r 2024-12-03  |s 2024-12-03  |w 2019-11-20  |y BK  |k GEO 
952 |0 0  |1 0  |4 0  |6 910_020000000000000_ALO_1981  |7 0  |8 A  |9 345963  |a BIBING  |b BIBING  |d 2019-11-20  |i 3538400  |o 910.02 ALO 1981  |p 3538400  |r 2024-01-25  |w 2019-11-20  |y BK  |k GEO